Wszystkie państwa nieuznawane przez niektóre kraje - Statystyki

Ogólne statystyki
  • Ten quiz został rozwiązany 33 razy
    14 od ostatniego zresetowania
  • Średni wynik to 5 z 9
Statystyki odpowiedzi
Kontynent Kraj % Poprawnych
Europa Kosowo
92%
Azja Tajwan
92%
Azja Palestyna
69%
Azja Abchazja
62%
Afryka Sahara Zachodnia
62%
Europa Naddniestrze
46%
Azja Osetia Południowa
46%
Afryka Somaliland
46%
Azja Cypr Północny
31%
Nie znaleziono quizów pasujących do podanych kryteriów
Rozkład punktacji
Procent ludzi z każdym wynikiem
Percentyl według liczby udzielonych odpowiedzi
Twoja historia wyników
Nie rozwiązałeś tego quizu od ostatniego zresetowania